Optical Fiber Communications / (Record no. 595326)
[ view plain ]
| 000 -LEADER | |
|---|---|
| fixed length control field | 00917nam a22001817a 4500 |
| 020 ## - INTERNATIONAL STANDARD BOOK NUMBER | |
| International Standard Book Number | 0071007857 |
| 040 ## - CATALOGING SOURCE | |
| Transcribing agency | 0 |
| 082 ## - DEWEY DECIMAL CLASSIFICATION NUMBER | |
| Classification number | 621.38275,KEI |
| 100 ## - MAIN ENTRY--PERSONAL NAME | |
| Personal name | Keiser, Gerd |
| 9 (RLIN) | 62172 |
| 245 ## - TITLE STATEMENT | |
| Title | Optical Fiber Communications / |
| Statement of responsibility, etc. | Gerd Keiser |
| 250 ## - EDITION STATEMENT | |
| Edition statement | 2nd Edition |
| 260 ## - PUBLICATION, DISTRIBUTION, ETC. | |
| Place of publication, distribution, etc. | Singapore |
| Name of publisher, distributor, etc. | McGraw Hill Book |
| Date of publication, distribution, etc. | 1991 |
| 300 ## - PHYSICAL DESCRIPTION | |
| Extent | xx, 461 p |
| 505 ## - FORMATTED CONTENTS NOTE | |
| Formatted contents note | Overview of Optical Fiber Communications (Page-1), Optical Fibers Structures, Waveguiding and Fabrication (Page-16), Signal Degradation in Optical Fibers (Page-86), Optical Sources (Page-130), Power Launching and Coupling (Page-196), Photodectors (Page-234), Optical Receiver Operation (Page--267), Digital Transmission Systems (Page-315), Analog Systems (Page-357), Coherent Optical Fiber Communications (Page-376), Advanced Systems and Techniques (Page-399). |
| 650 ## - SUBJECT ADDED ENTRY--TOPICAL TERM | |
| Topical term or geographic name entry element | Fiber Communication |
| 9 (RLIN) | 113818 |
| 651 ## - SUBJECT ADDED ENTRY--GEOGRAPHIC NAME | |
| Geographic name | Optical Fiber |
| 9 (RLIN) | 113819 |
| 942 ## - ADDED ENTRY ELEMENTS (KOHA) | |
| Source of classification or shelving scheme | |
| Koha item type | Book Bank |
| Withdrawn status | Lost status | Source of classification or shelving scheme | Damaged status | Not for loan | Permanent Location | Current Location | Shelving location | Date acquired | Full call number | Barcode | Date last seen | Price effective from | Koha item type | Public note |
|---|---|---|---|---|---|---|---|---|---|---|---|---|---|---|
| Military College of Signals (MCS) | Military College of Signals (MCS) | General Stacks | 07/26/2023 | 621.38275,KEI | MCS357 | 07/26/2023 | 07/26/2023 | Book | Almirah No.83, Shelf No.4 |
